Представление документа в формате MARC21

Поле Инд. ПП Название Значение
Тип записи a
Библиографический уровень m
001 Контрольный номер 5a2c0f62-240e-4c47-824c-14570ba00278
005 Дата корректировки 20140226195544.1
008 Кодируемые данные 001219 d
020 c Цена, тираж 15.94
040 a Служба первич. каталог. НБ ТвГУ
041 a Код языка текста rus
080 a Индекс УДК 612.82-053.2
084 a Индекс другой классификации/Индекс ББК Р731
090 c Каталожный индекс Р731
x Авторский знак Ф50
a Полочн. индекс Р731
245 0_ a Заглавие Физиология высшей нервной деятельности ребенка
c Ответственность АМН СССР; Под ред. З.И. Коларовой (Бирюковой)
260 0_ a Место издания Москва
b Издательство Медицина
c Дата издания 1968
300 a Объем 234,[1] с.
504 a Библиография Библиогр.: с.220-233.
583 a Действие Получение впервые 387 10.07.98
k Исполнитель действия ОРФ ОУНБ им.А.М.Горького
650 a Основная рубрика Дети
x Основная подрубрика Физиология
650 a Основная рубрика Высшая нервная деятельность
650 a Основная рубрика Центральная нервная система
650 a Основная рубрика Педиатрия
653 a Ключевые слова Высшая нервная деятельность ребенка
a Ключевые слова Центральная нервная система
a Ключевые слова Физиология нервной системы
a Ключевые слова Дети
a Ключевые слова Нервная система у детей
a Ключевые слова Физиология детского возраста
a Ключевые слова Педиатрия
700 1_ a Другие авторы Коларова З.И. (Бирюкова)
e Роль лиц Ред.
852 t Порядковый номер экземпляра 1
p Инвентарный номер 698481
888 a Безвозмездно
952 p 387.98 15.94 1 698481
c Вид литературы К рн
954 a Дата поступления на обработку 19980722
999 a Подразделение 2 Фил3